XV des joueurs avec le plus de sélections - rugby - Statistiques

Statistiques générales
  • Ce quiz a été pris 33 fois
  • Le résultat moyen est 7 sur 15
Statistiques - réponses
Poste Pays Nbr de sélections Réponse % Correct
6. 148 Richie McCaw
85%
8. 142 Sergio Parisse
85%
13. 141 (8) Brian O'Driscoll
62%
10. 130 (2) Ronan O'Gara
62%
5. 170 (12) Alun Wyn Jones
58%
15. 137 Beauden Barrett
58%
11. 124 Bryan Habana
54%
14. 124 (3) George North
50%
4. 153 Sam Whitelock
46%
7. 125 Michael Hooper
38%
3. 121 (3) Dan Cole
27%
9. 139 George Gregan
15%
1. 143 James Slipper
15%
2. 132 Keven Mealamu
8%
12. 129 Florin Vlaicu
4%
Aucun quiz correspondant
Distribution des résultats
% des personnes avec chaque résultat
Percentile par nombre de réponses
Votre historique - résultats
Vous n’avez pas pris ce quiz